| 000 | 00620nam a2200241 a 4500 | ||
|---|---|---|---|
| 001 | nice12345678 | ||
| 003 | IN_TiNIC | ||
| 005 | 20260116012010.0 | ||
| 008 | 050524s0000 bada grp 000 0 urd | ||
| 020 |
_a _c100 |
||
| 082 | 0 | 0 |
_a297.81 _bMUS |
| 100 | _aMuslim, Abdul Samad | ||
| 245 | _aTardid-E-Ijra Nabuwat-O-Risalat | ||
| 260 |
_aBadaun _bAnjuman Mkuslim Haneef _c0000 |
||
| 300 | _a240p | ||
| 500 | _aincludes index and biblioraphy | ||
| 505 | 2 | _aglossary, index | |
| 650 | _aIslam-Sects-Conflicts-Sunni-Ahmadiy | ||
| 700 | 1 | _aMuslim, Abdul Samad | |
| 902 | _bSRS | ||
| 942 | _cBK | ||
| 999 |
_c5221 _d5221 |
||